和泉市?出水市? - Statistics

General Stats
  • This quiz has been taken 21 times
  • The average score is 7 of 12
Answer Stats
Hint Explanation Answer % Correct
市内に大学がある 桃山学院大学がある 和泉市
90%
大手私鉄の駅がある 南海和泉中央駅がある 和泉市
86%
面積は100㎢以上 出水市:329.98㎢
和泉市:84.98㎢
出水市
76%
平成の大合併で新設合併をした 出水市、野田町、高尾野町で新設合併 出水市
76%
海に面している 出水市
71%
友好都市に釧路市がある 他にも、国内では周南市がある 出水市
67%
JRの駅が3つ以上ある 北信太駅、信太山駅、和泉府中駅の3つ
(出水市は出水駅(九州新幹線)の1つのみ)
和泉市
67%
全国初とされる敵対都市を名乗る提携をしている都市がある 鹿児島県錦江町と提携 出水市
48%
毎年クロスカントリー大会が行われる 毎年1月に信太山クロスカントリー大会が開催される 和泉市
43%
市の花にツツジがある 和泉市はスイセン 出水市
38%
お笑い芸人のシモタ(シモリュウ(元コウテイ))さんの出身地 出水市
38%
私立高校がある 出水中央高等学校がある 出水市
24%
No matching quizzes found
Score Distribution
Percent of People with Each Score
Percentile by Number Answered
Your Score History
You have not taken this quiz